000 00419nab a2200145Ia 4500
003 ES-SlBCS
005 20210601131700.0
008 140529s2000 xxu||||| |||| 00| 0 fre d
041 _afre
100 1 _aBateson, Gregory
_d1904-1980
_9139612
245 0 0 _aParceval le Fou
_c Gregory Bateson
600 1 4 _aParceval, John
_9187600
773 0 _tTherapie Familiale
_gvol. 21, nº. 1, 2000, págs. 9-25
_wRev902
942 _cAR
999 _c567085
_d567085